000 00568nam a2200217 a 4500
001 BRCA_5048
005 20190320204923.0
008 051110s1957----gw-a######---#000-0#ger-#
041 _ager
044 _agw
050 4 _aSF422.3
_b.S74 1957
100 1 _aSteen, Hans
_912886
245 1 0 _aDein Hund
_bder beste Freund des Menschen
_cHans Steen.
260 _aBerlín
_bSafari
_c1957
300 _a207 p.
_bil., 80 láminas
_c24 cm.
500 _aIncluye índice de láminas
500 _aDD24
650 1 4 _aPerros
_xRazas
_912887
902 _aGFM
942 _2lcc
_cB
999 _c4742
_d4742